Elements by Atomic Number - Random - Statistics

General Stats
  • This quiz has been taken 146 times
  • The average score is 13 of 20
Answer Stats
Atomic # Element % Correct
89 Actinium
100%
13 Aluminum
100%
33 Arsenic
100%
83 Bismuth
100%
35 Bromine
100%
55 Caesium
100%
6 Carbon
100%
17 Chlorine
100%
27 Cobalt
100%
29 Copper
100%
96 Curium
100%
99 Einsteinium
100%
9 Fluorine
100%
79 Gold
100%
1 Hydrogen
100%
77 Iridium
100%
36 Krypton
100%
103 Lawrencium
100%
109 Meitnerium
100%
101 Mendelevium
100%
80 Mercury
100%
7 Nitrogen
100%
118 Oganesson
100%
76 Osmium
100%
8 Oxygen
100%
15 Phosphorus
100%
91 Protactinium
100%
45 Rhodium
100%
44 Ruthenium
100%
104 Rutherfordium
100%
21 Scandium
100%
34 Selenium
100%
14 Silicon
100%
117 Tennessine
100%
50 Tin
100%
22 Titanium
100%
30 Zinc
100%
63 Europium
83%
49 Indium
83%
26 Iron
83%
51 Antimony
80%
68 Erbium
80%
25 Manganese
80%
24 Chromium
75%
32 Germanium
75%
10 Neon
75%
23 Vanadium
75%
54 Xenon
75%
40 Zirconium
75%
107 Bohrium
67%
112 Copernicium
67%
105 Dubnium
67%
71 Lutetium
67%
12 Magnesium
67%
115 Moscovium
67%
60 Neodymium
67%
59 Praseodymium
67%
88 Radium
67%
86 Radon
67%
37 Rubidium
67%
62 Samarium
67%
16 Sulfur
67%
43 Technetium
67%
65 Terbium
67%
69 Thulium
67%
53 Iodine
63%
18 Argon
60%
72 Hafnium
60%
82 Lead
60%
116 Livermorium
60%
42 Molybdenum
60%
19 Potassium
60%
11 Sodium
60%
52 Tellurium
60%
97 Berkelium
50%
4 Beryllium
50%
5 Boron
50%
20 Calcium
50%
110 Darmstadtium
50%
87 Francium
50%
31 Gallium
50%
57 Lanthanum
50%
94 Plutonium
50%
84 Polonium
50%
75 Rhenium
50%
38 Strontium
50%
73 Tantalum
50%
81 Thallium
50%
66 Dysprosium
40%
100 Fermium
40%
67 Holmium
40%
3 Lithium
40%
47 Silver
40%
56 Barium
33%
64 Gadolinium
33%
108 Hassium
33%
113 Nihonium
33%
41 Niobium
33%
102 Nobelium
33%
61 Promethium
33%
106 Seaborgium
33%
70 Ytterbium
33%
95 Americium
25%
85 Astatine
25%
114 Flerovium
25%
2 Helium
25%
111 Roentgenium
25%
48 Cadmium
0%
98 Californium
0%
58 Cerium
0%
93 Neptunium
0%
28 Nickel
0%
46 Palladium
0%
78 Platinum
0%
90 Thorium
0%
74 Tungsten
0%
92 Uranium
0%
39 Yttrium
0%
No matching quizzes found
Score Distribution
Percent of People with Each Score
Percentile by Number Answered
Your Score History
You have not taken this quiz